Mi primer diccionario: (Registro nro. 10350)

Detalles MARC
000 -LIDER
fixed length control field 00806nam a2200265 a 4500
001 - NÚMERO DE CONTROL
Identificador de número de control 0000403
003 - IDENTIFICACDOR DE NÚMERO DE CONTROL
control field DO-SdBNP
005 - DATE AND TIME OF LATEST TRANSACTION
control field 20180222140942.0
007 - CAMPOS FIJOS DE DESCRIPCIÓN FÍSICA
fixed length control field 0000403
008 - ELEMENTOS DE LONGITUD FIJA
fixed length control field 091125s 2013 dr a 000 0 spa d
020 ## - ISBN
International Standard Book Number 9501107574
040 ## - FUENTE DE CATALOGACIÓN
Agencia que crea de manera original el registro BPMSU
Idioma de catalogación spa
Agencia que realiza la transcripción BPMSU
082 #4 - NÚMERO DE CLASIFICACIÓN DECIMAL DE DEWEY
Classification number xxxxx
Item number xxxxx
100 1# - ASIENTO PRINCIPAL -- NOMBRE PERSONAL
Nombre personal Daroqui, Julia
245 10 - MENCIÓN DE TITULO
Título Mi primer diccionario:
Subtítulo español - inglés /
Mención de responsabilidad Julia Daroqui, Agustina Oliden ; ilustración Miguel L. Matejka ; traducción Karen Behrend
260 ## - PUBLICACIÓN, DISTRIBUCIÓN, ETC. (PIE DE IMPRENTA)
Lugar de publicación, distribución, etc Buenos Aires, Argentina :
Nombre del editor, distribuidor, etc. Sigmar,
Fecha de publicación, distribución, etc 1993.
300 ## - DESCRIPCIÓN FÍSICA
Extensión 60 p. :
Otros detalles físicos il. ;
Dimensiones 29 cm.
700 1# - ASIENTO SECUNDARIO -- NOMBRE PERSONAL
Nombre personal Oliden, Agustina,
Mención de responsabilidad il.
700 1# - ASIENTO SECUNDARIO -- NOMBRE PERSONAL
Nombre personal Matejka, Miguel L.
Mención de responsabilidad il.
700 1# - ASIENTO SECUNDARIO -- NOMBRE PERSONAL
Nombre personal Behrend, Karen
Mención de responsabilidad trad.
910 ## - VALIDACIÓN
Validación
942 ## - ADDED ENTRY ELEMENTS (KOHA)
Source of classification or shelving scheme Dewey Decimal Classification
Koha item type Libros
945 ## - INFORMACIÓN DE PROCESAMIENTO LOCAL
Información de procesamiento local Inventariado, 2018 / BT
956 ## - LOCAL ELECTRONIC LOCATION AND ACCESS (OCLC)
Nombre de host Yngrid Lockward
Número de acceso 10
Existencias
Withdrawn status Lost status Source of classification or shelving scheme Damaged status Not for loan Collection code Home library Current library Date acquired Source of acquisition Total Checkouts Full call number Barcode Date last seen Price effective from Koha item type
    Dewey Decimal Classification     Colección Infantil General Biblioteca Pública Metropolitana Salomé Ureña Biblioteca Pública Metropolitana Salomé Ureña 06/10/2016 FUNDI   xxxxx xxxxx BPMSU16060143 06/10/2016 06/10/2016 Libros